Heat and mass transfer in process metallurgy (Record no. 45455)

MARC details
000 -LEADER
fixed length control field 00557nam a2200145 a 4500
008 - FIXED-LENGTH DATA ELEMENTS--GENERAL INFORMATION
fixed length control field 120416s1967 ||||||||||||||||| || u
050 ## - LIBRARY OF CONGRESS CALL NUMBER
Classification number TP 156.M3 Hea
100 ## - MAIN ENTRY--PERSONAL NAME
Personal name Hills, A. W. D
245 10 - TITLE STATEMENT
Title Heat and mass transfer in process metallurgy
246 ## - VARYING FORM OF TITLE
Title proper/short title proceedings of a symposium
260 ## - PUBLICATION, DISTRIBUTION, ETC.
Place of publication, distribution, etc. London
Name of publisher, distributor, etc. The Institution of Mining and Metallurgy
Date of publication, distribution, etc. 1967
300 ## - PHYSICAL DESCRIPTION
Extent x, 252p. : ill.
350 ## - PRICE (NR) (BK AM CF MU VM SE) [OBSOLETE]
Price 0.00
995 ## - RECOMMENDATION 995 [LOCAL, UNIMARC FRANCE]
-- 0.00
-- CBU-MAIN LIBRARY (Kitwe)
-- 1
-- 5.00
-- AVAILABLE
-- Annex Low-Usage Collection
Holdings
Withdrawn status Lost status Source of classification or shelving scheme Damaged status Not for loan Home library Current library Date acquired Full call number Barcode Date last seen Copy number Price effective from Koha item type
          CBU-MPIKA LIBRARY, MPIKA CAMPUS. CBU-MPIKA LIBRARY, MPIKA CAMPUS. 11/30/2022 TP 156.M3 Hea 016909 11/30/2022 1 11/30/2022 MONOGRAPH